Women, law and free legal aid in India / (Record no. 67585)

MARC details
000 -LEADER
fixed length control field 00584nam a22001577a 4500
005 - DATE AND TIME OF LATEST TRANSACTION
control field 20120606142343.0
020 ## - INTERNATIONAL STANDARD BOOK NUMBER
International Standard Book Number 817629098X
Terms of availability 00
035 ## - SYSTEM CONTROL NUMBER
System control number A-943707
037 ## - SOURCE OF ACQUISITION
Stock number DPL
Source of stock number/acquisition ENG
100 ## - MAIN ENTRY--PERSONAL NAME
Personal name Mukherjee, Roma
245 ## - TITLE STATEMENT
Title Women, law and free legal aid in India /
Statement of responsibility, etc by Roma Mukherjee
260 ## - PUBLICATION, DISTRIBUTION, ETC. (IMPRINT)
Place of publication, distribution, etc New Delhi
Name of publisher, distributor, etc Deep and Deep Publications
Date of publication, distribution, etc 1998
300 ## - PHYSICAL DESCRIPTION
Extent xvii, 359p.
Dimensions 20 cms.
942 ## - ADDED ENTRY ELEMENTS (KOHA)
Source of classification or shelving scheme Dewey Decimal Classification
Item type English Books
Classification part 347.54017
Call number suffix MUK
Holdings
Withdrawn status Lost status Not for loan Collection code Home library Current library Date acquired Cost, normal purchase price Full call number Barcode Cost, replacement price Koha item type
      Non-fiction Sarojini Nagar Sarojini Nagar 06/06/2012 0.00 347.54017 MUK A-943707 0.00 English Books

© Delhi Public Library
Hit Counter
free hit counter